Diccionario y manual de la nueva física y química (Registro nro. 12984)

Detalles MARC
000 -Cabecera
Campo de control interno 00449nam a2200181Ia 4500
005 - Fecha y hora del registro
control field 20260306163020.0
008 - Elementos de Longitud Fija
fixed length control field 260306t1969||||xx |||||||||||||| ||spa||
041 ## - Idioma
Codigo Idioma ESP
082 ## - DEWEY y NOTACIÓN INTERNA
Dewey RD 530.03
Notación Interna M26
100 ## - AUTOR
Autor denominación Marks, Robert W.
Término de relación autor
245 #0 - TÍTULO DE MATERIAL BIBLIOGRÁFICO
Título Diccionario y manual de la nueva física y química
260 ## - CIUDAD, EDITORIAL, AÑO
Año 1969
300 ## - DESCRIPCIÓN
N° Páginas 261 páginas :
Dimensiones 18 cm.
650 ## - TEMAS
Temas Generalidades
654 ## - PROGRAMAS
Programa Dpto. de Ciencias Naturales
942 ## - ELEMENTOS DE KOHA
Tipo de documento Diccionario
Nombre del creador Justo Noguera
Código de catalogador Justo Noguera
Esquema de clasificación Dewey Decimal Classification
Suppress in OPAC
Existencias
Codigo completo Registro Colección Copia número Disponibilidad Tipo de préstamo Biblioteca Actual Procedencia (Biblioteca) Ubicacón Fecha Ingreso Tipo de Adquisición Date last seen Total checkouts Price effective from Tipo de Item Estado del Material Fuente de Clasificación Damaged status Withdrawn status
RD 530.03 M26 1006695 Universidad Católica San Pablo 1 Disponible Disponible Víctor Andrés Belaunde Víctor Andrés Belaunde Planta baja abierta 03/06/2026 Donación 06/03/2026   06/03/2026 Diccionario Bueno Dewey Decimal Classification